| 000 | 00669nam a2200229 a 4500 | ||
|---|---|---|---|
| 001 | 70186 | ||
| 003 | BD-RjUL | ||
| 005 | 20211209081955.0 | ||
| 008 | 170416r19591949xxu||||| |||| 001 0 eng d | ||
| 035 | _a(BD-RjUL)70399 | ||
| 040 |
_aBD-RjUL _beng _cBD-RjUL |
||
| 041 | _aeng | ||
| 082 |
_223 _a516 _bKEA 1959 |
||
| 100 | 1 |
_a Kells, Lyman M. _9152191 |
|
| 245 | 1 | 0 |
_aAnalytic geometry / _cLyman M. Kells and Herman C. Stotz |
| 260 |
_aEnglewood Cliffs, N.J. : _b Prentice-Hall _c1949 [ Printing 1959 ]. |
||
| 300 |
_aviii, 280 p. : _bill. ; _c23 cm. |
||
| 500 | _aIncludes index | ||
| 650 |
_aGeometry _9207859 |
||
| 700 |
_aStotz, Herman C. _9207860 |
||
| 942 |
_2ddc _cBK |
||
| 999 |
_c70186 _d70186 |
||